[Event "CEDIS Festival saha 2023 - 1. turnir"]
[Site "Podgorica"]
[Date "2023.04.09"]
[Round "5.5"]
[White "Djukanovic, Sreten"]
[Black "Kisic, Bozidar"]
[Result "1/2-1/2"]
[WhiteElo "2148"]
[BlackElo "2227"]
[PlyCount "101"]
[EventDate "2023.04.07"]
[EventType "swiss"]
[EventRounds "5"]
[EventCountry "MNE"]
[SourceVersionDate "2023.04.08"]

1. d4 d5 2. c4 Bf5 3. Nc3 e6 4. Nf3 Nc6 5. Bf4 Nge7 6. e3 Ng6 7. cxd5 exd5 8.
Bg3 h5 9. h3 Bd6 10. Bxd6 Qxd6 11. a3 Nce7 12. Rc1 c6 13. Na4 Nc8 14. Nc5 Qe7
15. Be2 Nd6 16. Nd2 Qg5 17. Nf3 Qe7 18. Nd2 Kf8 19. O-O Nh4 20. Kh2 Nxg2 21.
Kxg2 Qg5+ 22. Kh1 Bxh3 23. Rg1 Qh4 24. Rg3 Nf5 25. Nf3 Nxg3+ 26. Kh2 Nf1+ 27.
Bxf1 Qxf2+ 28. Kxh3 h4 29. Qe1 Qxf3+ 30. Kh2 h3 31. Rc2 Qg4 32. Nd3 Re8 33. Rf2
Qg5 34. Rf4 Rh6 35. Ne5 Rxe5 36. dxe5 Qxe5 37. Qb4+ Qe7 38. Qxe7+ Kxe7 39. Bxh3
g6 40. Kg3 f5 41. Rh4 Rxh4 42. Kxh4 Kf6 43. Kg3 g5 44. Bf1 Ke5 45. Bd3 c5 46.
b3 a6 47. a4 g4 48. a5 d4 49. exd4+ Kxd4 50. Bxf5 c4 51. bxc4 1/2-1/2

[Event "CEDIS Festival saha 2023 - 1. turnir"]
[Site "Podgorica"]
[Date "2023.04.09"]
[Round "5.6"]
[White "Soc, Bogdan"]
[Black "Jovancevic, Jovan"]
[Result "0-1"]
[WhiteElo "1713"]
[BlackElo "2161"]
[PlyCount "52"]
[EventDate "2023.04.07"]
[EventType "swiss"]
[EventRounds "5"]
[EventCountry "MNE"]
[SourceVersionDate "2023.04.08"]

1. d4 d5 2. c4 e6 3. Nc3 c5 4. cxd5 exd5 5. Nf3 Nf6 6. Bg5 Be6 7. e3 c4 8. e4
Be7 9. e5 Nfd7 10. Bxe7 Qxe7 11. Be2 Nc6 12. O-O g6 13. Bxc4 dxc4 14. d5 Ndxe5
15. Nxe5 Nxe5 16. dxe6 Qxe6 17. f4 Nd3 18. Qf3 O-O 19. f5 Qb6+ 20. Kh1 Qxb2 21.
Nd5 Qe5 22. f6 a6 23. g4 Kh8 24. Rg1 Rad8 25. Ne7 Qe4 26. Kg2 Nf4+ 0-1

[Event "CEDIS Festival saha 2023 - 1. turnir"]
[Site "Podgorica"]
[Date "2023.04.09"]
[Round "5.7"]
[White "Lakusic, Zoran"]
[Black "Scekic, Veljko"]
[Result "0-1"]
[WhiteElo "1639"]
[BlackElo "2182"]
[PlyCount "104"]
[EventDate "2023.04.07"]
[EventType "swiss"]
[EventRounds "5"]
[EventCountry "MNE"]
[SourceVersionDate "2023.04.08"]

1. c4 e5 2. Nc3 Nf6 3. g3 d5 4. cxd5 Nxd5 5. Bg2 Nb6 6. b3 Nc6 7. Bb2 Be6 8.
Nf3 Be7 9. O-O O-O 10. Rc1 f6 11. Ne4 Qd7 12. Nc5 Bxc5 13. Rxc5 Rfd8 14. d3 Ne7
15. Qc1 c6 16. Rd1 Qe8 17. e4 Nd7 18. Rc2 c5 19. Ba3 b6 20. Nd2 Nc6 21. Nc4 Nd4
22. Rcd2 Nb8 23. Bb2 Nbc6 24. Bxd4 Nxd4 25. Ne3 Qh5 26. Re1 Rd7 27. Qd1 Qxd1
28. Rexd1 Rad8 29. f4 Nc6 30. f5 Bf7 31. g4 Nb4 32. Bf1 a5 33. Nc4 Rb8 34. Kf2
Kf8 35. Kg3 Ke7 36. Kh4 h6 37. Kg3 Ra7 38. h4 a4 39. g5 b5 40. gxf6+ gxf6 41.
Ne3 axb3 42. axb3 Bxb3 43. Rc1 Na6 44. Rb2 Bf7 45. Ng4 h5 46. Nh6 Be8 47. Kh3
Kf8 48. Rg2 Rg7 49. Rcc2 Rbb7 50. Ra2 Nb4 51. Rxg7 Kxg7 52. Ra8 Re7 0-1

[Event "CEDIS Festival saha 2023 - 1. turnir"]
[Site "Podgorica"]
[Date "2023.04.09"]
[Round "5.8"]
[White "Ivanovic, Tara"]
[Black "Dedeic, Huso"]
[Result "0-1"]
[WhiteElo "1530"]
[BlackElo "1989"]
[PlyCount "92"]
[EventDate "2023.04.07"]
[EventType "swiss"]
[EventRounds "5"]
[EventCountry "MNE"]
[SourceVersionDate "2023.04.08"]

1. e4 h5 2. d4 c6 3. Nf3 d5 4. Nbd2 dxe4 5. Nxe4 Bf5 6. Ng3 Bh7 7. Bd3 Bxd3 8.
Qxd3 h4 9. Ne4 h3 10. g3 e6 11. Bf4 Be7 12. O-O Nf6 13. Rad1 Nxe4 14. Qxe4 Nd7
15. c4 Nf6 16. Qd3 Qa5 17. Bd2 Qh5 18. Rfe1 Ng4 19. Ne5 Rd8 20. Nxg4 Qxg4 21.
Bc3 Bf6 22. Qe4 Qh5 23. f4 Kf8 24. Rd2 g6 25. Red1 Kg7 26. d5 Bxc3 27. bxc3
exd5 28. cxd5 Rhe8 29. Qd4+ Kg8 30. d6 Re2 31. d7 Qf3 32. Rxe2 Qxe2 33. Qd2 Qf3
34. Rf1 Rxd7 35. Rxf3 Rxd2 36. Rf2 Rd1+ 37. Rf1 Rd3 38. Rc1 Rd2 39. Rb1 b6 40.
a3 Rg2+ 41. Kf1 Rxh2 42. Rb4 Rc2 43. Kg1 Rg2+ 44. Kh1 Rxg3 45. Kh2 Rxc3 46. Ra4
a5 0-1

[Event "CEDIS Festival saha 2023 - 1. turnir"]
[Site "Podgorica"]
[Date "2023.04.09"]
[Round "5.9"]
[White "Vujadinovic, Zeljko"]
[Black "Perazic, Dragutin"]
[Result "1-0"]
[WhiteElo "1840"]
[BlackElo "1672"]
[PlyCount "55"]
[EventDate "2023.04.07"]
[EventType "swiss"]
[EventRounds "5"]
[EventCountry "MNE"]
[SourceVersionDate "2023.04.08"]

1. d4 d5 2. c4 e6 3. Nf3 Nf6 4. Bg5 Be7 5. Bxf6 Bxf6 6. e3 O-O 7. Nc3 b6 8. Bd3
Bb7 9. h4 g6 10. h5 Nd7 11. cxd5 exd5 12. Qc2 Qe7 13. O-O-O c5 14. Rh2 c4 15.
Be2 a6 16. hxg6 hxg6 17. Rdh1 b5 18. Nh4 Bxh4 19. Rxh4 Qf6 20. Bf3 Nb6 21. Ne2
Rfe8 22. Nf4 Kf8 23. Rh8+ Ke7 24. Nxg6+ fxg6 25. R8h7+ Kd6 26. Rxb7 Kc6 27.
Rhh7 b4 28. Rhc7+ 1-0

[Event "CEDIS Festival saha 2023 - 1. turnir"]
[Site "Podgorica"]
[Date "2023.04.09"]
[Round "5.11"]
[White "Jeknic, Velimir"]
[Black "Zizic, Djordje"]
[Result "1/2-1/2"]
[WhiteElo "1913"]
[BlackElo "1420"]
[PlyCount "23"]
[EventDate "2023.04.07"]
[EventType "swiss"]
[EventRounds "5"]
[EventCountry "MNE"]
[SourceVersionDate "2023.04.08"]

1. e4 c5 2. d4 cxd4 3. c3 Nf6 4. e5 Nd5 5. cxd4 e6 6. Nc3 Nxc3 7. bxc3 Nc6 8.
Bd3 d6 9. f4 Be7 10. Nf3 b6 11. O-O Bb7 12. f5 1/2-1/2

[Event "CEDIS Festival saha 2023 - 1. turnir"]
[Site "Podgorica"]
[Date "2023.04.09"]
[Round "5.12"]
[White "Peric, Toman"]
[Black "Dedic, Slavko"]
[Result "1-0"]
[WhiteElo "1134"]
[BlackElo "1797"]
[PlyCount "77"]
[EventDate "2023.04.07"]
[EventType "swiss"]
[EventRounds "5"]
[EventCountry "MNE"]
[SourceVersionDate "2023.04.08"]

1. e4 e6 2. d4 d5 3. Nc3 Nf6 4. e5 Nfd7 5. Nf3 Be7 6. Bd3 O-O 7. Be3 c5 8. Bb5
a6 9. Bxd7 Nxd7 10. Ne2 c4 11. O-O b5 12. c3 a5 13. a3 Bb7 14. b4 axb4 15. axb4
Qc7 16. Ng3 Rxa1 17. Qxa1 Ra8 18. Qb2 Nb6 19. Qd2 Ra3 20. Qb2 Ra8 21. Qd2 Qd8
22. Qb2 Ra6 23. Ra1 Qa8 24. Rxa6 Qxa6 25. Bg5 Bf8 26. Bd8 Nd7 27. Ba5 Be7 28.
h3 Nb8 29. Kh2 Nc6 30. Bc7 Bc8 31. Qd2 Na7 32. Qf4 Qb7 33. Bd6 Bd8 34. Bc5 Nc6
35. Nh5 Ne7 36. Qg5 g6 37. Qh6 gxh5 38. Ng5 Qd7 39. Qxh7+ 1-0

[Event "CEDIS Festival saha 2023 - 1. turnir"]
[Site "Podgorica"]
[Date "2023.04.09"]
[Round "5.14"]
[White "Pavlovic, David"]
[Black "Maras, Marija Mia"]
[Result "0-1"]
[WhiteElo "1379"]
[BlackElo "1035"]
[PlyCount "78"]
[EventDate "2023.04.07"]
[EventType "swiss"]
[EventRounds "5"]
[EventCountry "MNE"]
[SourceVersionDate "2023.04.08"]

1. c4 c5 2. g3 Nc6 3. Bg2 b6 4. Nc3 Bb7 5. a3 e6 6. b4 cxb4 7. axb4 Bxb4 8. Bb2
Nf6 9. Ra4 Bc5 10. e3 O-O 11. Nge2 Qb8 12. O-O Ne7 13. Na2 Bxg2 14. Kxg2 Ne8
15. Qc2 d5 16. Qc3 f6 17. Nf4 Qd6 18. d4 dxc4 19. dxc5 Qc6+ 20. Kg1 Qxa4 21.
Ra1 Qb3 22. Nxe6 Rf7 23. cxb6 axb6 24. Nb4 Rxa1+ 25. Bxa1 Nc8 26. Qe1 Rd7 27.
Qc3 Rd1+ 28. Kg2 Rxa1 29. Qxa1 Qxb4 30. Qa8 Ncd6 31. Nc7 Kf7 32. Qd5+ Ke7 33.
Qe6+ Kf8 34. Nd5 Qb5 35. Nc7 Qc6+ 36. Nd5 Qb7 37. Kg1 Qf7 38. Qxf7+ Kxf7 39.
Nxb6 c3 0-1